A dictionary of psychology / (Record no. 347067)

000 -LEADER
fixed length control field 01618 a2200205 4500
020 ## - INTERNATIONAL STANDARD BOOK NUMBER
International Standard Book Number 0198610351 (paperback)
020 ## - INTERNATIONAL STANDARD BOOK NUMBER
International Standard Book Number 9780198610359 (paperback)
082 04 - DEWEY DECIMAL CLASSIFICATION NUMBER
Classification number 150.3
090 ## - LOCALLY ASSIGNED LC-TYPE CALL NUMBER (OCLC); LOCAL CALL NUMBER (RLIN)
-- 4628
-- 4628
100 1# - MAIN ENTRY--PERSONAL NAME
Personal name Colman, Andrew M.
245 12 - TITLE STATEMENT
Title A dictionary of psychology /
Statement of responsibility, etc. Andrew M. Colman.
250 ## - EDITION STATEMENT
Edition statement 2nd ed.
260 ## - PUBLICATION, DISTRIBUTION, ETC.
Place of publication, distribution, etc. [S.l.] :
Name of publisher, distributor, etc. Oxford University Press, USA,
Date of publication, distribution, etc. 2007.
300 ## - PHYSICAL DESCRIPTION
Extent 880 p. ;
Dimensions 20 cm.
490 1# - SERIES STATEMENT
Series statement Oxford paperback reference.
520 ## - SUMMARY, ETC.
Summary, etc. With over 11,000 entries, this comprehensive and up-to-date dictionary covers all branches of psychology. Clear, concise descriptions for each entry offer extensive coverage of key areas including cognition, sensation and perception, emotion and motivation, learning and skills, language, mental disorders, and research methods. The range of entries extends to related disciplines including psychoanalysis, psychiatry, the neurosciences, and statistics. Entries are extensively cross-referenced for ease of use, and cover word origins and derivations as well as definitions. In addition to the alphabetical entries, the Dictionary of Psychology, Second Edition also includes appendices covering over 800 commonly used abbreviations and symbols, as well as a list of phobias and phobic stimuli, with definitions. Comprehensive and clearly written, this dictionary is an invaluable work of reference for students, lecturers, and the general reader with an interest in psychology.
830 #0 - SERIES ADDED ENTRY--UNIFORM TITLE
Uniform title Oxford paperback reference.
856 40 - ELECTRONIC LOCATION AND ACCESS
Materials specified Amazon.com
Uniform Resource Identifier <a href="http://www.amazon.com/exec/obidos/ASIN/0198610351/chopaconline-20">http://www.amazon.com/exec/obidos/ASIN/0198610351/chopaconline-20</a>
942 ## - ADDED ENTRY ELEMENTS (KOHA)
Institution code [OBSOLETE] NBS
Koha item type Book
Call number prefix 150.321 COL
Holdings
Withdrawn status Lost status Damaged status Not for loan Permanent Location Current Location Date acquired Full call number Barcode Date last seen Price effective from Koha item type Total Checkouts
        Central Library (CL) Central Library (CL) 08/28/2013 150.321 COL NBS7666 08/28/2013 08/28/2013 Reference  
        Central Library (CL) Central Library (CL) 08/28/2013 150.321 COL NBS7289 08/28/2013 08/28/2013 Book  
© 2023 Central Library, National University of Sciences and Technology. All Rights Reserved.